[Event "Match"]
[Site "www.echecsemail.com"]
[Date "2018.06.30"]
[Round "1"]
[White "Enting"]
[Black "Hundegana"]
[WhiteElo "1809"]
[BlackElo "2090"]
[Result "0-1"]
[Round "1"]
1.e4 e6
2.d4 c6
3.Nb1c3 Ng8e7
4.Bc1f4 Ne7g6
5.Bf4e3 d5
6.exd5 cxd5
7.Ng1f3 Bc8d7
8.Bf1d3 Bf8d6
9.Bd3xg6 hxg6
10.O-O Nb8c6
11.Rf1e1 Qd8e7
12.g3 a6
13.Be3g5 f6
14.Bg5d2 O-O-O
15.a3 Rh8h7
16.Bd2e3 Rd8h8
17.Qd1e2 g5
18.Be3d2 g4
19.Nf3h4 Nc6xd4
 { time }
0-1

[Event "Match"]
[Site "www.echecsemail.com"]
[Date "2018.06.30"]
[Round "1"]
[White "Cal"]
[Black "Enting"]
[WhiteElo "1720"]
[BlackElo "1809"]
[Result "1-0"]
[Round "1"]
1.c4 c5
2.Nb1c3 Nb8c6
3.Ng1f3 e6
4.e3 d6
5.h3 Bf8e7
6.d3 Ng8f6
7.Bf1e2 Bc8d7
8.O-O O-O
9.Nf3h2 d5
10.cxd5 exd5
11.d4 cxd4
12.exd4 Be7d6
13.Bc1g5 Bd6e7
14.Be2b5  { time }
1-0

[Event "Match"]
[Site "www.echecsemail.com"]
[Date "2018.06.30"]
[Round "1"]
[White "Calponas"]
[Black "Enting"]
[WhiteElo "2130"]
[BlackElo "1809"]
[Result "1-0"]
[Round "1"]
1.e4 e5
2.Ng1f3 Nb8c6
3.Bf1b5 Ng8e7
4.c3 d6
5.h3 Bc8d7
6.d3 a6
7.Bb5a4 b5
8.Ba4c2 h6
9.Bc1e3 Qd8c8
10.Nb1d2 Ne7g6
11.Qd1e2 f6
12.d4  { time }
1-0

[Event "Tourn. n9857"]
[Site "www.echecsemail.com"]
[Date "2018.06.30"]
[Round "1"]
[White "J1j6"]
[Black "Biggles"]
[WhiteElo "1809"]
[BlackElo "2110"]
[Result "0-1"]
[Round "1"]
1.Ng1f3 Nb8c6
2.e4 e5
3.Bf1b5 Nc6d4
4.Nf3xd4 exd4
5.Qd1f3 c6
6.Bb5c4 d5
7.exd5 cxd5
8.Bc4xd5 Ng8f6
9.Bd5xb7 Qd8e7
10.Bb7e4 Qe7xe4
11.Qf3xe4 Nf6xe4
12.O-O Bf8e7
13.d3 Ne4g5
14.Rf1e1 Ng5e6
15.Nb1d2 O-O
16.b3 Be7b4
17.a3 Bb4c3
18.Ra1b1 Bc8b7
19.f3 Rf8e8
20.Re1e2 Ra8c8
21.Nd2c4 Ne6c5
22.Re2xe8 Rc8xe8
23.Bc1f4 Re8e2
24.b4 Nc5e6
25.Bf4g3 Re2xc2
26.Nc4d6 Bb7d5
27.Bg3e5 Rc2d2
28.Nd6f5 Rd2xd3
29.Nf5e7 Kf8
30.Ne7xd5 Bc3d2
31.Rb1d1 Bd2e3
32.Nd5xe3 Rd3xe3
33.Be5xd4 Ne6xd4
34.Rd1xd4 Re3xa3
35.h3 Ke7
36.Kh2 Ra3a4
37.Rd4e4 Kd6
38.Kg3 f5
39.Re4f4 Ke5
40.Rf4h4 h6
41.Kh2 Kf6
42.g4 f4
43.b5 Ra4a2
44.Kg1 Ra2b2
45.Rh4h5 g6
46.Rh5xh6 Rb2xb5
47.h4 Kg7
48.g5 a5
49.h5 Rb5xg5
50.Kf2 Kxh6
51.hxg6 Kxg6
{ resign }
0-1

[Event "Tourn. n9868"]
[Site "www.echecsemail.com"]
[Date "2018.06.30"]
[Round "1"]
[White "Ffdd65"]
[Black "Fantomas"]
[WhiteElo "2170"]
[BlackElo "2160"]
[Result "0-1"]
[Round "1"]
1.e4 e5
2.Ng1f3 Nb8c6
3.d4 exd4
4.Nf3xd4 Nc6xd4
5.Qd1xd4 b6
6.Bc1f4 d6
7.Nb1c3 Ng8f6
8.O-O-O Nf6h5
9.e5 Nh5xf4
10.Qd4xf4 Bf8e7
11.Nc3d5 Be7g5
12.Nd5xc7 Kf8
13.Qf4xg5 Qd8xg5
14.Kb1 Ra8b8
15.exd6 Bc8d7
16.Bf1c4 h5
17.Rd1d5 Qg5f4
18.Rh1e1 Qf4xc4
19.Re1e7 Qc4f1
{ resign }
0-1

[Event "Match"]
[Site "www.echecsemail.com"]
[Date "2018.06.30"]
[Round "1"]
[White "Bjonil60"]
[Black "Enting"]
[WhiteElo "1520"]
[BlackElo "1809"]
[Result "1-0"]
[Round "1"]
1.Nb1c3 e5
2.e3 f5
3.Ng1f3 e4
4.Nf3d4 g6
5.g3 Bf8g7
6.g4 d6
7.Nd4b3 fxg4
8.Qd1xg4 Bc8xg4
9.h3  { time }
1-0

[Event "Match"]
[Site "www.echecsemail.com"]
[Date "2018.06.30"]
[Round "1"]
[White "Cvilhena1976"]
[Black "Dussek"]
[WhiteElo "1499"]
[BlackElo "1720"]
[Result "1-0"]
[Round "1"]
1.e4 c6
2.d4 d5
3.Nb1c3 dxe4
4.Nc3xe4 Bc8f5
5.Ne4g3 Bf5g6
6.Ng1f3 h6
7.Nf3e5 Bg6h7
8.Qd1f3 Ng8f6
9.Qf3b3 e6
10.Qb3xb7 Nb8d7
11.Ne5xc6 Qd8c8
12.Bf1a6 Nd7b6
13.Qb7xc8 Nb6xc8
14.Ba6b7 Nc8e7
15.Bb7xa8 Ne7xc6
16.Ba8xc6 Nf6d7
17.Ng3e4 Bf8b4
18.Bc1d2 Bb4xd2
19.Kxd2 Ke7
20.Rh1e1 Nd7b6
21.b3 Rh8c8
22.Bc6b5 Nb6d5
23.c4 Nd5f4
24.g3 Nf4g2
25.Re1e2 Rc8d8
26.Kc3 { resign }
1-0

[Event "Match"]
[Site "www.echecsemail.com"]
[Date "2018.06.30"]
[Round "1"]
[White "Enting"]
[Black "Fangshuo"]
[WhiteElo "1809"]
[BlackElo "2150"]
[Result "0-1"]
[Round "1"]
1.d4 d5
2.c4 c6
3.Nb1c3 dxc4
4.e4 b5
5.a4 b4
6.Nc3b1 Bc8a6
7.a5 e6
8.Ng1f3 Nb8d7
9.Qd1a4 Ba6b5
10.Qa4c2 b3
11.Qc2c3 c5
12.Bf1xc4 Bb5xc4
13.Qc3xc4 cxd4
14.Qc4xb3 e5
15.Nf3g5 Ng8h6
16.f4 Ra8b8
17.Qb3d5 Bf8b4
18.Ke2 O-O
19.fxe5 d3
20.Qd5xd3 Nd7xe5
21.Qd3xd8 Rb8xd8
22.Bc1f4 Ne5d3
23.g3 Rf8e8
24.Kf3 f6
25.Ng5h3 g5
26.Nh3xg5 Nd3xf4
27.Ng5xh7 Kxh7
28.gxf4 f5
29.e5 Kg7
30.Rh1g1 Kf7
31.h3 Nh6g8
32.a6 Ng8e7
 { time }
0-1

[Event "Tourn. n9800"]
[Site "www.echecsemail.com"]
[Date "2018.06.30"]
[Round "1"]
[White "Stepanpech"]
[Black "Pdebonis"]
[WhiteElo "2450"]
[BlackElo "2690"]
[Result "1/2-1/2"]
[Round "1"]
1.d4 Ng8f6
2.c4 e6
3.Nb1c3 Bf8b4
4.e3 O-O
5.Bf1d3 d5
6.Ng1f3 c5
7.O-O Nb8c6
8.a3 Bb4xc3
9.bxc3 b6
10.cxd5 exd5
11.Nf3e5 Bc8b7
12.Bc1b2 c4
13.Bd3c2 Rf8e8
14.f4 Nf6e4
15.Qd1h5 Qd8c7
16.Rf1f3 Re8e6
17.Ne5g4 g6
18.Qh5h4 Qc7e7
19.Qh4h6 f5
20.Ng4e5 Qe7g7
{ draw }
1/2-1/2

[Event "Tourn. n9838"]
[Site "www.echecsemail.com"]
[Date "2018.06.30"]
[Round "1"]
[White "Awfen"]
[Black "Julian"]
[WhiteElo "2070"]
[BlackElo "1880"]
[Result "1-0"]
[Round "1"]
1.e4 c5
2.f4 Nb8c6
3.Ng1f3 d6
4.Bf1c4 e6
5.O-O Ng8f6
6.Nb1c3 Bf8e7
7.a3 O-O
8.d3 a6
9.e5 dxe5
10.fxe5 Nf6d5
11.Nc3e4 Nc6d4
12.c3 Nd4xf3
13.Qd1xf3 f6
14.exf6 Nd5xf6
15.Qf3g3 Nf6xe4
16.dxe4 b5
17.Bc4b3 c4
{ time. }
1-0

[Event "Match"]
[Site "www.echecsemail.com"]
[Date "2018.06.30"]
[Round "1"]
[White "Jesmantiz"]
[Black "Lcbunghai"]
[WhiteElo "2210"]
[BlackElo "2070"]
[Result "1-0"]
[Round "1"]
1.d4 Ng8f6
2.e3 d5
3.Bf1d3 e6
4.Nb1d2 Bf8e7
5.f4 O-O
6.Ng1f3 Nf6g4
7.Qd1e2 f5
8.O-O c5
9.c3 cxd4
10.Nf3xd4 Nb8c6
11.Nd2f3 Nc6xd4
12.exd4 a6
13.Nf3e5 Ng4f6
14.Bc1e3 Nf6e4
15.Rf1f3 Rf8f6
16.Rf3h3 Qd8e8
17.Kh1 Be7f8
18.g4 fxg4
19.Qe2xg4 Rf6f5
20.Ra1g1 b6
21.Qg4h4 h5
22.Ne5g6 Ra8a7
23.Bd3e2 Ne4f6
24.Be2d3 Nf6e4
25.Qh4e1 Rf5f6
26.Ng6e5 Bf8d6
27.Rg1g5 Ne4xg5
28.fxg5 Rf6f8
29.Bd3g6 Qe8b5
30.Ne5d3 e5
31.Rh3xh5 { resign }
1-0

[Event "Tourn. n9807"]
[Site "www.echecsemail.com"]
[Date "2018.06.30"]
[Round "1"]
[White "Numanoid"]
[Black "Asoka"]
[WhiteElo "2480"]
[BlackElo "2670"]
[Result "0-1"]
[Round "1"]
1.b4 e5
2.Bc1b2 Bf8xb4
3.Bb2xe5 Ng8f6
4.Ng1f3 d5
5.g3 O-O
6.Bf1g2 c5
7.O-O Nb8c6
8.Be5b2 Rf8e8
9.d3 Bc8e6
10.e3 Ra8c8
11.Nf3g5 Be6f5
12.Nb1d2 d4
13.Nd2e4 Nf6xe4
14.Ng5xe4 b6
15.a3 Bb4a5
16.Ne4d2 Qd8d7
17.e4 Bf5g4
18.f3 Ba5c3
19.Ra1b1 Bg4e6
20.f4 f6
21.Bb2xc3 dxc3
22.Nd2f3 Nc6d4
23.Rf1f2 Qd7a4
24.Nf3xd4 Qa4xd4
25.Qd1f3 Rc8d8
26.Rb1e1 b5
27.e5 b4
28.Re1e4 Qd4d7
29.axb4 f5
30.Re4e1 cxb4
31.Qf3e3 Qd7c7
32.g4 a5
33.Re1a1 Kh8
{ resign }
0-1

[Event "Match"]
[Site "www.echecsemail.com"]
[Date "2018.06.30"]
[Round "1"]
[White "Llord"]
[Black "Enting"]
[WhiteElo "1920"]
[BlackElo "1809"]
[Result "1-0"]
[Round "1"]
1.e4 e5
2.Ng1f3 Nb8c6
3.Bf1c4 Ng8f6
4.Nb1c3 Bf8c5
5.d3 Nc6d4
6.Bc1g5 Nd4xf3
7.Qd1xf3 c6
8.O-O Bc5e7
9.a4 Qd8b6
10.b3 d6
11.h3 O-O
12.a5 Qb6c7
13.b4 b5
14.axb6 Qc7xb6
15.b5 cxb5
16.Bc4xb5 a6
17.Bg5e3 Qb6b7
18.Bb5a4 h6
19.Ra1b1  { time }
1-0

[Event "Match"]
[Site "www.echecsemail.com"]
[Date "2018.06.30"]
[Round "1"]
[White "Chapi"]
[Black "Enting"]
[WhiteElo "2160"]
[BlackElo "1809"]
[Result "1-0"]
[Round "1"]
1.d4 e6
2.c4 c5
3.Nb1c3 cxd4
4.Qd1xd4 Ng8f6
5.Ng1f3 Nb8c6
6.Qd4d1 Bf8c5
7.g3 b6
8.Bf1g2 Ra8b8
9.Bc1f4 d6
10.Nc3b5 a6
11.Nb5xd6 Bc5xd6
12.Bf4xd6 Rb8b7
13.Nf3e5 Nc6xe5
14.Bd6xe5 Qd8xd1
15.Ra1xd1 Rb7d7
16.Bg2c6 Nf6g4
17.Bc6xd7 Bc8xd7
18.Be5xg7 Rh8g8
19.Bg7d4 Bd7c6
20.f3 Ng4h6
21.Bd4xb6 Nh6f5
22.Rd1d8  { time }
1-0

[Event "Tourn. n9877"]
[Site "www.echecsemail.com"]
[Date "2018.06.30"]
[Round "1"]
[White "Grischuk2789"]
[Black "Joskomol"]
[WhiteElo "1809"]
[BlackElo "1809"]
[Result "1/2-1/2"]
[Round "1"]
1.d4 e6
2.e4 c5
3.Ng1f3 cxd4
4.Nf3xd4 Nb8c6
5.c4 Ng8f6
6.Nb1c3 Bf8c5
7.Bc1e3 Qd8b6
8.Nc3a4 Qb6a5
9.Na4c3 { draw }
1/2-1/2

[Event "Tourn. n9807"]
[Site "www.echecsemail.com"]
[Date "2018.06.30"]
[Round "1"]
[White "Coolant"]
[Black "Numanoid"]
[WhiteElo "2360"]
[BlackElo "2480"]
[Result "1/2-1/2"]
[Round "1"]
1.Nb1c3 g6
2.d4 Bf8g7
3.e4 c6
4.h4 d5
5.e5 f6
6.f4 Ng8h6
7.h5 Bc8g4
8.Bf1e2 Qd8d7
9.Be2xg4 Nh6xg4
10.hxg6 hxg6
11.Rh1xh8 Bg7xh8
12.Ng1f3 Nb8a6
13.Qd1e2 Qd7f5
14.Bc1e3 Ng4xe3
15.Qe2xe3 Na6b4
16.g4 Nb4xc2
17.Kd2 Nc2xe3
18.gxf5 Ne3xf5
19.Ra1h1 O-O-O
20.Nf3h4 Nf5xh4
21.Rh1xh4 g5
22.Rh4h7 Kd7
23.exf6 Bh8xf6
24.fxg5 Bf6xg5
25.Kd3 Rd8f8
{ draw }
1/2-1/2

[Event "Tourn. n9831"]
[Site "www.echecsemail.com"]
[Date "2018.06.30"]
[Round "1"]
[White "Karadayi"]
[Black "Cal"]
[WhiteElo "1479"]
[BlackElo "1620"]
[Result "0-1"]
[Round "1"]
1.c4 e5
2.Nb1c3 c5
3.e4 d6
4.d3 a6
5.Ng1f3 h6
6.g3 Bc8g4
7.Bf1g2 Ng8f6
8.O-O Bf8e7
9.h3 Bg4h5
10.g4 Bh5g6
11.Nf3h4 O-O
12.Nh4xg6 fxg6
13.f4 exf4
14.Bc1xf4 Nb8c6
15.Qd1b3 Nc6d4
16.Qb3xb7 Ra8b8
17.Qb7xa6 Rb8xb2
18.e5 dxe5
19.Bf4xe5 Nd4c2
20.Be5xf6 gxf6
21.Qa6e6 Rf8f7
22.Ra1b1 Qd8d4
23.Kh1 Rb2xb1
24.Nc3xb1 Be7d6
25.Qe6e8 Bd6f8
26.Bg2d5 { time. }
0-1

[Event "Tourn. n9861"]
[Site "www.echecsemail.com"]
[Date "2018.06.30"]
[Round "1"]
[White "Alekpax"]
[Black "J1j6"]
[WhiteElo "1859"]
[BlackElo "1749"]
[Result "1-0"]
[Round "1"]
1.e4 c5
2.d4 Nb8c6
3.d5 Nc6e5
4.Nb1c3 g6
5.f4 Qd8c7
6.fxe5 Qc7xe5
7.Ng1f3 Qe5c7
8.Nc3b5 Qc7b6
9.d6 exd6
10.Bf1c4 Ng8f6
11.Bc1g5 Nf6xe4
12.Qd1d5 Ne4xg5
13.Nf3xg5 Qb6c6
14.Qd5xf7 Kd8
15.Qf7f6 { resign }
1-0

[Event "Match"]
[Site "www.echecsemail.com"]
[Date "2018.06.30"]
[Round "1"]
[White "Alekpax"]
[Black "Dussek"]
[WhiteElo "1499"]
[BlackElo "1750"]
[Result "1-0"]
[Round "1"]
1.e4 c6
2.d4 d5
3.e5 Bc8f5
4.Ng1f3 e6
5.Bf1e2 c5
6.Bc1e3 Nb8c6
7.dxc5 Nc6b4
8.Nf3d4 Bf5g6
9.Be2b5 Nb4c6
10.Nd4xc6 bxc6
11.Bb5xc6 Ke7
12.Bc6xa8 Qd8xa8
13.c4 Bg6e4
14.Nb1c3 g6
15.f3 Be4f5
16.cxd5 exd5
17.Nc3xd5 Kd8
18.Nd5b6 { resign }
1-0

[Event "Match"]
[Site "www.echecsemail.com"]
[Date "2018.06.30"]
[Round "1"]
[White "Joseph1983"]
[Black "Gidgud"]
[WhiteElo "2300"]
[BlackElo "2270"]
[Result "1-0"]
[Round "1"]
1.Ng1f3 Ng8f6
2.g3 e6
3.Bf1g2 d5
4.O-O Bf8e7
5.d3 O-O
6.Nb1d2 b6
7.e4 dxe4
8.dxe4 Bc8b7
9.Qd1e2 Nb8d7
10.e5 Nf6d5
11.Nf3d4 Be7c5
12.Nd2b3 Qd8c8
13.Rf1d1 c6
14.a3 Bc5e7
15.c4 Bb7a6
16.Qe2c2 c5
17.Nd4e2 Nd5c7
18.Bg2xa8 Qc8xa8
19.Rd1xd7 { resign }
1-0

[Event "Match"]
[Site "www.echecsemail.com"]
[Date "2018.06.30"]
[Round "1"]
[White "Pablincho"]
[Black "Alessiov"]
[WhiteElo "1920"]
[BlackElo "1569"]
[Result "0-1"]
[Round "1"]
1.e4 e5
2.Ng1f3 f5
3.Nf3xe5 Qd8f6
4.d4 d6
5.Ne5f3 fxe4
6.Nf3g1 Qf6f7
7.Bf1e2 d5
8.Bc1h6 Ng8xh6
9.h3 Bf8b4
10.c3 O-O
11.f3 Bb4d6
12.Kf2 Nh6f5
13.Nb1d2 Bd6g3
{ resign }
0-1

[Event "Match"]
[Site "www.echecsemail.com"]
[Date "2018.06.30"]
[Round "1"]
[White "J1j6"]
[Black "Caspito"]
[WhiteElo "1809"]
[BlackElo "1940"]
[Result "0-1"]
[Round "1"]
1.e4 e5
2.Ng1f3 Ng8f6
3.Nf3xe5 Nb8c6
4.Ne5xc6 dxc6
5.d3 Bf8c5
6.f3 O-O
7.Nb1c3 Qd8d4
8.Qd1e2 Rf8e8
9.Bc1d2 Bc8e6
10.O-O-O a5
11.a3 b5
12.Nc3b1 Be6a2
13.c3 Qd4a4
14.d4 Bc5e7
15.b4 Qa4b3
16.Bd2f4 Qb3xb1
17.Kd2 Qb1b2
18.Ke1 Qb2xc3
19.Kf2 axb4
20.axb4 Ba2c4
21.Qe2e3 Qc3xb4
22.Bf4xc7 Bc4xf1
23.Rh1xf1 Ra8a2
24.Kg1 h6
25.Bc7f4 c5
26.Bf4xh6 gxh6
27.Qe3xh6 Qb4b2
28.Qh6g5 Kh8
29.dxc5 Re8g8
30.Qg5h4 Nf6h7
31.Qh4f2 Be7xc5
{ resign }
0-1

[Event "Match"]
[Site "www.echecsemail.com"]
[Date "2018.06.30"]
[Round "1"]
[White "Enting"]
[Black "Tonino1"]
[WhiteElo "1809"]
[BlackElo "2210"]
[Result "0-1"]
[Round "1"]
1.Ng1f3 d6
2.e4 Ng8f6
3.d3 c6
4.c4 e5
5.Bf1e2 Bf8e7
6.O-O O-O
7.Nb1d2 Qd8c7
8.b4 Nb8d7
9.a3 a5
10.Bc1b2 b6
11.bxa5 Ra8xa5
12.Nd2b3 Ra5a7
13.Qd1c2 Bc8b7
14.d4 c5
15.d5 Rf8a8
16.Be2d3 Qc7d8
17.h3 Nf6e8
18.Nf3d2 Ne8c7
19.f3 Be7g5
20.Ra1a2 Nd7f8
21.Qc2c3 Qd8d7
22.f4 Bg5f6
23.f5 Ra7a4
24.Bd3c2 Ra4a7
25.g4 b5
26.Rf1a1 b4
27.Qc3g3 Bf6g5
28.Nd2f3 Bg5f4
29.Qg3h4 f6
30.Kf2 Nc7e8
 { time }
0-1

[Event "Tourn. n9863"]
[Site "www.echecsemail.com"]
[Date "2018.06.30"]
[Round "1"]
[White "Cybervincy"]
[Black "Alekpax"]
[WhiteElo "1499"]
[BlackElo "1859"]
[Result "0-1"]
[Round "1"]
1.d4 d5
2.c4 c6
3.Ng1f3 Ng8f6
4.Nb1c3 dxc4
5.a4 Bc8f5
6.e3 e6
7.Bf1xc4 Bf8b4
8.O-O Nb8d7
9.Qd1e2 Bf5g6
10.Rf1d1 O-O
11.Nc3a2 Bb4d6
12.b4 Qd8e7
13.b5 Bg6h5
14.bxc6 bxc6
15.Na2c3 e5
16.Qe2c2 e4
17.Nf3d2 Bh5xd1
18.Qc2xd1 Nd7b6
19.Bc4a6 Nb6d5
20.Bc1b2 Ra8b8
21.Ra1a2 Nd5b4
{ resign }
0-1

[Event "1/128 Finale"]
[Site "www.chess-mail.com"]
[Date "2018.06.30"]
[Round "1"]
[White "Alekpax"]
[Black "J1j6"]
[WhiteElo "1499"]
[BlackElo "1809"]
[Result "1-0"]
[Round "1"]
1.e4 e5
2.Bf1c4 Ng8f6
3.d3 c6
4.Ng1f3 d6
5.O-O h6
6.Rf1e1 Nb8d7
7.a4 Bf8e7
8.Nb1c3 Qd8b6
9.h3 a5
10.Nf3h4 g6
11.Bc1e3 Qb6xb2
12.Nc3e2 Nf6xe4
13.dxe4 Be7xh4
14.Bc4b3 d5
15.exd5 Nd7f6
16.dxc6 bxc6
17.Qd1d6 Nf6e4
18.Qd6xc6 Kf8
19.Qc6xa8 Kg7
20.Qa8xe4 { resign }
1-0

[Event "1/128 Finale"]
[Site "www.chess-mail.com"]
[Date "2018.06.30"]
[Round "1"]
[White "J1j6"]
[Black "Alessiov"]
[WhiteElo "1809"]
[BlackElo "1580"]
[Result "0-1"]
[Round "1"]
1.e4 e5
2.Ng1f3 Nb8c6
3.Bf1c4 Bf8c5
4.O-O Ng8f6
5.Nb1c3 d6
6.d3 h6
7.a3 Bc8e6
8.Bc4xe6 fxe6
9.Rf1e1 a6
10.b4 Bc5a7
11.Bc1b2 O-O
12.Qd1d2 Nf6h5
13.Nc3e2 Rf8xf3
14.gxf3 Qd8f6
15.Kf1 Qf6h4
16.Ne2g3 Nh5f4
17.d4 Qh4h3
{ resign }
0-1

[Event "Fast Game"]
[Site "www.echecsemail.com"]
[Date "2018.06.30"]
[Round "1"]
[White "Hennie4820"]
[Black "Dougbeer"]
[WhiteElo "1780"]
[BlackElo "1929"]
[Result "0-1"]
[Round "1"]
1.e4 e6
2.d4 d5
3.Nb1d2 Ng8f6
4.e5 Nf6d7
5.Bf1d3 c5
6.c3 Nb8c6
7.Ng1e2 cxd4
8.cxd4 f6
9.f4 fxe5
10.fxe5 Nc6xd4
11.Ne2xd4 Qd8h4
12.g3 Qh4xd4
13.Nd2c4 Bf8b4
14.Kf1 O-O
15.Bc1f4 Rf8xf4
16.gxf4 Qd4xf4
17.Kg2 Qf4g5
18.Kh3 dxc4
19.Bd3e4 Nd7xe5
20.Rh1g1 Qg5e3
{ resign }
0-1

[Event "Tourn. n9768"]
[Site "www.chess-mail.com"]
[Date "2018.07.01"]
[Round "1"]
[White "Numanoid"]
[Black "Rons"]
[WhiteElo "2430"]
[BlackElo "2650"]
[Result "1/2-1/2"]
[Round "1"]
1.d4 Ng8f6
2.Bc1g5 Nf6e4
3.Bg5h4 c5
4.f3 g5
5.fxe4 gxh4
6.e3 Bf8h6
7.Qd1d3 Nb8c6
8.Ng1f3 h3
9.g3 Qd8b6
10.Nb1a3 Qb6xb2
11.Ra1b1 Qb2xa2
12.Qd3c3 cxd4
13.exd4 Qa2e6
14.d5 Qe6xe4
15.Kf2 O-O
16.dxc6 dxc6
17.Rb1e1 Qe4d5
18.Qc3e5 Bc8g4
19.Qe5xd5 cxd5
20.Bf1d3 Rf8c8
21.Nf3e5 Bg4e6
22.Re1b1 Ra8b8
23.Na3b5 f6
24.Ne5f3 a6
25.Nb5d4 Be6f7
26.Bd3f5 Rc8c3
27.Nd4e6 Bf7g6
28.Nf3h4 Bh6e3
29.Ke2 Kf7
30.Rh1d1 Be3h6
31.Rb1b6 Rc3e3
32.Kf2 Re3e5
33.Bf5xg6 hxg6
34.Ne6f4 Bh6xf4
35.gxf4 Re5e4
36.Kg3 Rb8c8
37.Rb6xb7 Rc8xc2
38.Rd1d3 Rc2c4
39.Rd3f3 a5
40.Rb7a7 a4
41.Kxh3 f5
42.Kg3 d4
43.h3 Kf6
44.Ra7a5 { draw }
1/2-1/2

[Event "Match"]
[Site "www.echecsemail.com"]
[Date "2018.07.01"]
[Round "1"]
[White "Estonia"]
[Black "Gidgud"]
[WhiteElo "2000"]
[BlackElo "2109"]
[Result "0-1"]
[Round "1"]
1.c4 Ng8f6
2.Nb1c3 e6
3.d4 Bf8b4
4.Ng1f3 O-O
5.Qd1c2 d5
6.e3 Bb4xc3
7.bxc3 b6
8.cxd5 exd5
9.Bf1e2 Bc8b7
10.a4 Nb8d7
11.a5 c5
12.axb6 axb6
13.Ra1xa8 Qd8xa8
14.O-O Rf8c8
15.Nf3d2 cxd4
16.exd4 Bb7a6
17.Be2xa6 Qa8xa6
18.Qc2b3 Qa6d3
19.Nd2b1 b5
20.Bc1a3 Nd7b6
21.h3 Nf6e4
22.Ba3b4 h6
23.Qb3d1 Qd3xd1
24.Rf1xd1 Nb6a4
25.Rd1d3 Na4b2
26.Rd3f3 Ne4g5
27.Rf3f5 Nb2d3
28.Bb4e7 b4
29.Rf5xd5 bxc3
30.Nb1xc3 Rc8xc3
31.Rd5d8 Kh7
32.f3 Ng5e6
33.Rd8d7 Rc3c1
34.Kh2 Rc1c2
35.Be7h4 Kg6
36.Bh4g3 Nd3f4
37.Bg3xf4 Ne6xf4
38.Kg3 Nf4xg2
39.h4 Ng2e3
40.h5 Kf6
41.Rd7a7 Ne3f5
42.Kf4 Nf5xd4
43.Ra7a6 Nd4e6
44.Ke4 Rc2e2
45.Kd3 Re2e5
46.f4 Re5xh5
47.Ke4 Rh5h4
{ resign }
0-1

[Event "Match"]
[Site "www.echecsemail.com"]
[Date "2018.07.01"]
[Round "1"]
[White "Llord"]
[Black "Alekpax"]
[WhiteElo "1900"]
[BlackElo "1499"]
[Result "0-1"]
[Round "1"]
1.e4 e5
2.Ng1f3 f5
3.d3 d6
4.Bc1g5 Bf8e7
5.Bg5xe7 Qd8xe7
6.Nb1c3 Ng8f6
7.Bf1e2 Bc8e6
8.O-O O-O
9.Nf3g5 Nb8c6
10.Ng5xe6 Qe7xe6
11.Nc3b5 Rf8f7
12.c3 fxe4
13.dxe4 Nf6xe4
14.Be2h5 Rf7e7
15.Qd1e2 Ne4f6
16.Bh5f3 e4
17.Bf3h5 Qe6f5
18.Nb5a3 Nf6xh5
19.Na3c4 Nh5f4
20.Qe2e1 Nf4xg2
21.Kxg2 Qf5f3
22.Kg1 Re7e6
23.Nc4d2 Re6g6

0-1

[Event "Match"]
[Site "www.echecsemail.com"]
[Date "2018.07.01"]
[Round "1"]
[White "Rindrandria"]
[Black "Ranjachess"]
[WhiteElo "1780"]
[BlackElo "1830"]
[Result "1-0"]
[Round "1"]
1.e4 e5
2.c4 Bf8c5
3.h4 Ng8f6
4.f3 O-O
5.g4 h6
6.Qd1c2 Nb8c6
7.Ng1h3 Nf6h7
8.d3 Nc6d4
9.Qc2g2 Qd8xh4
10.Kd1 Qh4f6
11.f4 d6
12.g5 Qf6e6
13.f5 Qe6e8
14.gxh6 g6
15.Nb1c3 c6
16.Bf1e2 Nd4xf5
17.exf5 Bc8xf5
18.Nh3g5 b5
19.Ng5xh7 Kxh7
20.Be2f3 Ra8c8
21.Nc3e4 Bf5xe4
22.Bf3xe4 f5
23.Be4f3 bxc4
24.dxc4 e4
25.Bf3h5 gxh5
26.Qg2g7 
1-0

[Event "Match"]
[Site "www.echecsemail.com"]
[Date "2018.07.01"]
[Round "1"]
[White "Enting"]
[Black "Gambitmiau"]
[WhiteElo "1809"]
[BlackElo "1980"]
[Result "0-1"]
[Round "1"]
1.e4 Nb8c6
2.Ng1f3 d5
3.exd5 Qd8xd5
4.Nb1c3 Qd5h5
5.Bf1e2 Bc8g4
6.d3 O-O-O
7.Nc3e4 Nc6d4
8.Nf3xd4 Bg4xe2
9.Nd4xe2 e6
10.Ne4g3 Qh5a5
11.Bc1d2 Qa5e5
 { time }
0-1

[Event "Match"]
[Site "www.echecsemail.com"]
[Date "2018.07.01"]
[Round "1"]
[White "Numanoid"]
[Black "Stevefillion"]
[WhiteElo "2370"]
[BlackElo "2420"]
[Result "1-0"]
[Round "1"]
1.b4 e5
2.Bc1b2 Bf8xb4
3.Bb2xe5 Ng8f6
4.Ng1f3 O-O
5.g3 d5
6.Bf1g2 Rf8e8
7.O-O c5
8.d3 Nb8c6
9.Be5b2 Bc8g4
10.Nb1d2 d4
11.a3 Bb4xd2
12.Qd1xd2 Nf6d5
13.Ra1e1 Qd8f6
14.h3 Bg4e6
15.Nf3g5 Qf6h6
16.Bb2c1 Ra8d8
17.Ng5xe6 Qh6xe6
18.e3 Qe6d6
19.exd4 cxd4
20.Re1xe8 Rd8xe8
21.Rf1e1 Re8xe1
22.Qd2xe1 Qd6e7
23.Kf1 Qe7xe1
24.Kxe1 Nd5e7
25.Kd2 f6
26.f4 Kf7
27.c4 Ke6
28.a4 h5
29.Bg2f3 g6
30.Bc1a3 b6
31.c5 Ne7d5
32.cxb6 axb6
33.Ba3b2 Nd5b4
34.h4 f5
35.Bf3d1 Nb4d5
36.Bd1b3 Kd6
37.Bb2a3 Ke6
38.Ba3f8 Nc6a5
39.Bb3a2 Na5b7
40.Kc1 Nb7a5
41.Kb2  { time }
1-0

[Event "Tourn. n9858"]
[Site "www.echecsemail.com"]
[Date "2018.07.01"]
[Round "1"]
[White "Danquigley"]
[Black "Cathar"]
[WhiteElo "2610"]
[BlackElo "2269"]
[Result "1-0"]
[Round "1"]
1.c4 f5
2.g3 Ng8f6
3.Bf1g2 g6
4.Nb1c3 Bf8g7
5.d3 d6
6.e4 O-O
7.Ng1e2 fxe4
8.dxe4 c5
9.O-O Nb8c6
10.b3 a6
11.h3 Ra8b8
12.Bc1g5 b5
13.f4 bxc4
14.Bg5xf6 Bg7xf6
15.Qd1d5 Kh8
16.Qd5xc6 Bc8b7
17.Qc6a4 cxb3
18.axb3 Qd8b6
19.Ra1b1 Bb7c6
20.Qa4c4 { resign }
1-0

[Event "Tourn. n9845"]
[Site "www.echecsemail.com"]
[Date "2018.07.01"]
[Round "1"]
[White "Reignblowcan"]
[Black "Tonino1"]
[WhiteElo "2390"]
[BlackElo "2230"]
[Result "1-0"]
[Round "1"]
1.c4 d6
2.Ng1f3 Ng8f6
3.d4 c6
4.g3 Qd8c7
5.Bf1g2 e5
6.O-O Bf8e7
7.c5 e4
8.cxd6 Be7xd6
9.Nf3g5 Qc7e7
10.Nb1c3 Bc8f5
11.f3 e3
12.Ng5e4 Nf6xe4
13.fxe4 Bf5g6
14.e5 Bd6b4
15.Nc3e4 O-O
16.Qd1b3 c5
17.a3 Bg6xe4
18.Bg2xe4  { time }
1-0

[Event "Tourn. n9855"]
[Site "www.echecsemail.com"]
[Date "2018.07.01"]
[Round "1"]
[White "Hundegana"]
[Black "Cathar"]
[WhiteElo "2110"]
[BlackElo "2259"]
[Result "0-1"]
[Round "1"]
1.e4 Ng8f6
2.e5 Nf6d5
3.c4 Nd5b6
4.a4 a5
5.Nb1c3 d6
6.exd6 exd6
7.Qd1e2 Bf8e7
8.Nc3d5 Nb6xd5
9.cxd5 O-O
10.Ng1f3 Rf8e8
11.Qe2d3 Nb8a6
12.Qd3c3 Be7f6
13.Qc3e3 Re8xe3
14.dxe3 Na6b4
15.Ra1b1 Bc8f5
16.Nf3d4 Bf5xb1
17.Kd2 Bf6xd4
18.exd4 Qd8g5
19.Kd1 Bb1c2
20.Ke2 Ra8e8
21.Bc1e3 Qg5xd5
22.Kd2 Qd5b3
23.Bf1e2 Qb3xb2
24.Be2b5 Bc2d3
25.Kd1 Qb2c2
26.Ke1 Qc2e2
{ resign }
0-1

[Event "Tourn. n9837"]
[Site "www.echecsemail.com"]
[Date "2018.07.01"]
[Round "1"]
[White "Bevittsmith"]
[Black "Saffron"]
[WhiteElo "2180"]
[BlackElo "2149"]
[Result "1-0"]
[Round "1"]
1.e4 e6
2.d4 d5
3.e5 c5
4.c3 Qd8b6
5.Ng1f3 Bc8d7
6.Bf1d3 Nb8c6
7.O-O cxd4
8.cxd4 Nc6xd4
9.Nf3xd4 Qb6xd4
10.Nb1c3 a6
11.Qd1e2  { time }
1-0

[Event "1/64 Finale"]
[Site "www.chess-mail.com"]
[Date "2018.07.01"]
[Round "1"]
[White "Jaroslavpech"]
[Black "Bojan"]
[WhiteElo "2480"]
[BlackElo "1980"]
[Result "1-0"]
[Round "1"]
1.c4 g6
2.Nb1c3 Bf8g7
3.d4 c6
4.e4 e6
5.Bf1e2 f6
6.c5 d5
7.cxd6 Qd8xd6
8.Ng1f3 b6
9.h4 Nb8d7
10.Qd1c2 Ng8e7
11.h5 gxh5
12.Bc1e3 Bc8b7
13.Rh1xh5 f5
14.e5 Qd6c7
15.Nc3b5 Qc7d8
16.Nb5d6 Kf8
17.Nd6xb7 Qd8c7
18.Nf3g5 Qc7xb7
19.Ng5xe6 Kf7
20.Be2c4 Ne7d5
21.Qc2xf5 Ke7
22.Be3g5 Nd5f6
23.Rh5xh7 Rh8xh7
24.Qf5xh7 { resign }
1-0

[Event "1/32 Finale"]
[Site "www.chess-mail.com"]
[Date "2018.07.01"]
[Round "1"]
[White "Reignblowcan"]
[Black "Asoka"]
[WhiteElo "2400"]
[BlackElo "2670"]
[Result "1/2-1/2"]
[Round "1"]
1.c4 e5
2.Ng1f3 Nb8c6
3.Nb1c3 Ng8f6
4.g3 d5
5.cxd5 Nf6xd5
6.Bf1g2 Nd5b6
7.O-O Bf8e7
8.a3 Bc8e6
9.d3 O-O
10.Bc1e3 Nb6d5
11.Nc3xd5 Be6xd5
12.Ra1c1 Rf8e8
13.Nf3d2 f5
14.Bg2xd5 Qd8xd5
15.Qd1b3 Qd5xb3
16.Nd2xb3 Ra8d8
17.Rc1c2 Rd8d5
18.Kg2 a6
19.Nb3d2 a5
20.Rf1c1 Be7d6
21.Nd2c4 Bd6e7
22.Be3d2 g6
23.Rc2c3 a4
24.b4 Nc6d4
25.Nc4e3 Rd5d8
{ draw }
1/2-1/2

[Event "Fast Game"]
[Site "www.echecsemail.com"]
[Date "2018.07.01"]
[Round "1"]
[White "Fegatux"]
[Black "Coolant"]
[WhiteElo "2060"]
[BlackElo "1940"]
[Result "0-1"]
[Round "1"]
1.e4 Nb8c6
2.d4 d5
3.e5 f6
4.f4 Bc8f5
5.Ng1f3 Bf5e4
6.c3 Qd8d7
7.Bf1e2 Ng8h6
8.O-O e6
9.b4 a6
10.a4 Bf8e7
11.Nb1d2 f5
12.Nd2b3 { time. }
0-1